000 00629nam a22002057a 4500
999 _c16448
_d16448
003 AR-CdUCM
008 190503b ||||| |||| 00| 0 spa d
040 _aMUNICIPALIDAD PROVINCIAL DEL CUSCO
_cBIBLIOTECA MUNICIPAL DEL CUSCO
082 _a868.6 /
_bJ24
100 _aJardiel Poncela, Enrique
_9761
245 _aLectura para analfabetos :
_bcuentos /
260 _aMéxico, D.F. :
_bLatino americana,
_c1959.
300 _a254 páginas ;
_c19 cm.
505 _aContenido: Cuento
650 _aLiteratura
_983
650 _aTeatro español
_9648
650 _aSiglo XX.
_98
942 _2ddc
_cLIBROS
945 _aacv
_d2019-05-03